header

Teaching the humanities online (Record no. 125213)

MARC details
000 -LEADER
fixed length control field 02524nam a2200373 a 4500
082 04 - DEWEY DECIMAL CLASSIFICATION NUMBER
Classification number 001.3/071
245 00 - TITLE STATEMENT
Title Teaching the humanities online
260 ## - PUBLICATION, DISTRIBUTION, ETC. (IMPRINT)
Place of publication Armonk, N.Y. :
Name of publisher M.E. Sharpe,
Year of publication 2011.
300 ## - PHYSICAL DESCRIPTION
Number of Pages xiii, 181 p. :
Other physical details ill.
490 1# - SERIES STATEMENT
Series statement History, humanities, and new technology
505 0# - FORMATTED CONTENTS NOTE
Formatted contents note Introduction : the future is now / Steven J. Hoffman -- Before we begin : preparing to teach online / Khadijah O. Miller -- Reducing distance in online classes / Lisa M. Lane -- Using electronic courseware : lessons for educators / Sharmila Pixy Ferris and Maureen C. Minielli -- Making course management systems work / Lisa M. Lane -- Blended classrooms : hybridity, social capital, and online learning / Peter Sands -- Facilitating interaction in the online environment / Michelle Kilburn -- Using social networking applications in online teaching / Allen Gathman and Mary Harriet Talbut -- Re-directing discussion : challenges related to the social aspects of online educational environments / Melanie L. Buffington -- Easier than it looks : using web resources in the humanities / Daryl E. Fridley -- Assessing student learning / Martha Henckell -- Creating an environment of faculty involvement / Steven J. Hoffman -- If the future is now, what's next? Five trends affecting the future of online education / David J. Staley.
650 #0 - SUBJECT ADDED ENTRY--TOPICAL TERM
Topical Term Humanities
Topical Term Humanities
Topical Term Web-based instruction.
Topical Term Distance education.
700 1# - ADDED ENTRY--PERSONAL NAME
Personal name Hoffman, Steven J.
856 40 - ELECTRONIC LOCATION AND ACCESS
Uniform Resource Identifier http://site.ebrary.com/lib/rucke/Doc?id=10453195

No items available.

© 2026 Rongo University
Contact us: librarian | system librarian | Rongo university